| 000 | 01152nam a22002537a 4500 | ||
|---|---|---|---|
| 005 | 20111207162222.0 | ||
| 008 | 111207t xxu||||| |||| 00| 0 mar d | ||
| 010 | _aMAR-21788 | ||
| 020 | _c300.00 | ||
| 035 | _aMR-14446 | ||
| 037 | _bDBAD/PUB | ||
| 040 |
_aDPL _bMR |
||
| 082 | _a920 | ||
| 100 | _936528 | ||
| 245 |
_aप्रतिभावंत / _cअरुणा सबाने द्वारा संपादित |
||
| 246 |
_aPratibhbhavant _bedited by Aruna Sabane |
||
| 260 |
_aनागपूर _bआकांक्षा प्रकाशन _c2009 |
||
| 270 |
_a265,मिलेनीअम बिल्डिंग, वेस्ट हाय, कोर्ट रोड , बजाजनगर, _bनागपूर _e-10 |
||
| 300 |
_aभा.1,309पृ. _c22सेमी(अजिल्द) |
||
| 500 | _aभा.1 | ||
| 700 |
_aसबाने,अरुणा _937263 |
||
| 942 |
_2ddc _cMR _mप्रतिभा _h920 |
||
| 999 |
_c59717 _d59717 |
||